[Event "FIDE-Online-Steinitz-Memorial-Women"]
[White "Kosteniuk, Alexandra"]
[Black "Sebag, Marie"]
[Site "Internet"]
[Round "1.1"]
[Annotator "TA"]
[Result "1-0"]
[Date "2020.05.15"]
[WhiteElo "2521"]
[BlackElo "2482"]
[PlyCount "129"]

1. e4 {} c5 2. c3 Nf6 3. e5 Nd5 4. d4 cxd4 5. Nf3 e6 6. cxd4 d6 7. Bc4 Nc6 8. 0-0 Be7 9. Qe2 0-0 10. Rd1 $1 { is currently scoring better than 10.Nc3.} Na5 11. Bd3 {B22: Sicilian: 2 c3.} Nb4 12. Nc3 Nxd3 13. Rxd3 {The position is
equal.} d5 14. Ne1 f6 15. exf6 Bxf6 {[#]} 16. Nf3 $146 ({Predecessor:} 16. Bf4 Bd7 17. Rad1 Qe7 18. Re3 Qf7 19. b3 Nc6 20. Red3 Ne7 21. Bd6 Rfc8 22. Nf3 {
1-0 (42) Kosteniuk,A (2546)-Muzychuk,M (2563) Kazan 2019} )Nc6 17. b3 b6 18. Rd1 Bd7 19. Ba3 Rf7 20. Bd6 Rc8 21. Rac1 h6 22. Bg3 Rf8 23. Nb5 a6 $1 {
} 24. Nd6 $2 {[#]} (24. Nc3 $11 )Nxd4 $1 $19 {} 25. Nxd4 (25. Rxd4 Rxc1+ )Rxc1 { Overworked Piece} 26. Rxc1 Bxd4 27. Qxa6 Qf6 28. Rf1 Bc5 (28... h5 $17 29. Nb5 Bxb5 30. Qxb5 h4 )29. Nb7 Bc8 30. Qa8 Bd4 (30... Bxb7 $5 31. Qxb7 Qb2 $15 )31. Nd6 Bd7 32. Qb7 Qe7 33. Nb5 (33. Re1 $11 )Bc5 $15 34. Nc3 h5 35. h4 $1 Qf7 36. Qc7 Be8 37. Qxf7+ Bxf7 38. Rd1 Bg6 39. Nb5 Bf5 40. Nd6 Bg4 41. Rd2 Ra8 42. Nb7 (42. Rb2 $11 )Bb4 43. Rc2 (43. Rd4 $17 {was forced.} Be1 44. Kf1 )Ra7 $2 (43... d4 $1 $19 {
} 44. Rc4 d3 45. Rxb4 d2 )44. Nd8 (44. Bd6 $1 $11 {remains equal.} )Rd7 $2 (44... d4 $1 $17 { Strongly threatening ...d3.} 45. f3 d3 )45. Nc6 Bc5 46. Ne5 (46. b4 {keeps more tension.} Bf8 47. Rd2 b5 48. a3 Rb7 49. Nd4 )Ra7 47. Nxg4 hxg4 $11 { Endgame KRB-KRB} 48. a4 Kf7 49. Be5 Kg6 50. Kf1 Kf5 51. Re2 d4 {And now ...d3 would win.} 52. Bg3 {
Threatens to win with Re5+.} Rd7 (52... d3 $11 53. Re5+ Kf6 )53. Re5+ $1 $16 Kf6 54. Ke2 $2 {} (54. Rg5 $16 {keeps the pressure on.} Bd6 55. Rxg4 )d3+ $19 55. Kd1 {[#]} (55. Kd2 {was the only chance.} Bxf2 56. Bf4 )d2 $2 {[#]} (55... Bxf2 $1 $19 {} 56. Bf4 (56. Bxf2 Kxe5 )Bd4 )56. Re4 ({White should try} 56. Rg5 $1 $16 Bd4 57. Rxg4 )Rd3 ({
Better is} 56... e5 $1 $14 )57. Rf4+ $18 ({Weaker is} 57. Rxg4 e5 $14 )Ke7 58. Rxg4 Rxb3 {White must now prevent ...Bb4.} 59. Kxd2 ({Not} 59. Rxg7+ Kf6 $11 )Rb2+ (59... Kf6 $142 60. h5 b5 )60. Kd3 Kf6 (60... Bxf2 {
keeps fighting.} 61. Be5 Rb3+ 62. Kc2 Re3 )61. Rf4+ $2 (61. Rg5 $18 {aiming
for Be5+.} Rb3+ 62. Kc2 )Ke7 (61... Kg6 $16 {was necessary.} 62. Rg4+ Kh5 63. Rxg7 Bxf2 )62. Rg4 (62. h5 $142 )Kf6 $1 63. Rg5 {Hoping for Be5+.} Bxf2 $2 (63... Rb3+ $18 64. Kc2 Rb4 65. Be5+ Kf7 66. Rxg7+ Kf8 )64. Be5+ {
 Double Attack} Kf7 65. Bxb2 {Accuracy: White = 65%, Black = 57%.} (65. Rxg7+ $142 Kf8 66. Bxb2 Bxh4 67. Rb7 Ke8 68. Rxb6 Kf7 69. a5 Bg3 70. Rb7+ Kg6 71. a6 )1-0

[Event "FIDE-Online-Steinitz-Memorial-Women"]
[White "Khademalsharieh, Sarasadat"]
[Black "Lei, Tingjie"]
[Site "Internet"]
[Round "1.1"]
[Annotator "ChessBase"]
[Result "1/2-1/2"]
[Date "2020.05.15"]
[WhiteElo "2431"]
[BlackElo "2530"]
[PlyCount "128"]
[TimeControl "180+2"]

1. d4 Nf6 2. c4 {[%emt 0:0:5]} g6 {[%emt 0:0:4]} 3. g3 {[%emt 0:0:2]} c6 {[%emt 0:0:2]} 4. Bg2 {[%emt 0:0:4]} d5 {[%emt 0:0:2]} 5. e3 {[%emt 0:0:0]} Bg7 {[%emt 0:0:2]} 6. Ne2 {[%emt 0:0:2]} 0-0 {[%emt 0:0:1]} 7. 0-0 {[%emt 0:0:1]
} b6 {[%emt 0:0:27]} 8. b3 {[%emt 0:0:6]} Bb7 {[%emt 0:0:3]} 9. a4 {[%emt 0:0:8]} a5 {[%emt 0:0:19]} 10. Nbc3 {[%emt 0:0:10]} e6 {[%emt 0:0:4]
} 11. Ba3 {[%emt 0:0:2]} Re8 {[%emt 0:0:1]} 12. cxd5 {[%emt 0:0:21]
} exd5 {[%emt 0:0:2]} 13. Rc1 {[%emt 0:0:2]} Nbd7 {[%emt 0:0:0]} 14. Nf4 {[%emt 0:0:4]} Bf8 {[%emt 0:0:7]} 15. Bxf8 {[%emt 0:0:3]} Nxf8 {[%emt 0:0:1]} 16. Qd2 {[%emt 0:0:5]} Qd6 {[%emt 0:0:5]} 17. Rfd1 {[%emt 0:0:3]
} Rad8 {[%emt 0:0:2]} 18. Nd3 {[%emt 0:0:2]} N6d7 {[%emt 0:0:0]} 19. Qb2 {[%emt 0:0:3]} Ba6 {[%emt 0:0:11]} 20. Nf4 {[%emt 0:0:5]} Ne6 {[%emt 0:0:4]} 21. Nxe6 {[%emt 0:0:3]} Qxe6 {[%emt 0:0:3]} 22. Ne2 {[%emt 0:0:17]
} Qd6 {[%emt 0:0:5]} 23. Nf4 {[%emt 0:0:2]} Nf6 {[%emt 0:0:0]} 24. Nd3 {[%emt 0:0:4]} Bxd3 {[%emt 0:0:29]} 25. Rxd3 {[%emt 0:0:2]} Rc8 {[%emt 0:0:3]} 26. Rdc3 {[%emt 0:0:6]} Ne4 {[%emt 0:0:6]} 27. R3c2 {[%emt 0:0:6]
} h5 {[%emt 0:0:3]} 28. Rb1 {[%emt 0:0:15]} Qb4 {[%emt 0:0:0]} 29. Rbc1 {[%emt 0:0:13]} Qd6 {[%emt 0:0:2]} 30. Rb1 {[%emt 0:0:10]} Qb4 {[%emt 0:0:1]} 31. Qc1 {[%emt 0:0:1]} Qd6 {[%emt 0:0:17]} 32. Qe1 {[%emt 0:0:1]
} Ra8 {[%emt 0:0:17]} 33. b4 {[%emt 0:0:13]} axb4 {[%emt 0:0:0]} 34. Qxb4 {[%emt 0:0:5]} Qxb4 {[%emt 0:0:2]} 35. Rxb4 {[%emt 0:0:1]} c5 {[%emt 0:0:1]} 36. Rxb6 {[%emt 0:0:6]} cxd4 {[%emt 0:0:1]} 37. Bxe4 {[%emt 0:0:10]
} Rxe4 {[%emt 0:0:4]} 38. exd4 {[%emt 0:0:8]} Rxa4 {[%emt 0:0:0]} 39. Rd6 {[%emt 0:0:2]} Raxd4 {[%emt 0:0:3]} 40. h4 {[%emt 0:0:5]} Re1+ {[%emt 0:0:2]} 41. Kg2 {[%emt 0:0:1]} Rdd1 {[%emt 0:0:2]} 42. Rc7 {[%emt 0:0:3]
} Re6 {[%emt 0:0:3]} 43. Rd8+ {[%emt 0:0:6]} Kg7 {[%emt 0:0:0]} 44. Rcd7 {[%emt 0:0:1]} Re5 {[%emt 0:0:2]} 45. Rc7 {[%emt 0:0:12]} Rd2 {[%emt 0:0:2]} 46. Rc3 {[%emt 0:0:1]} Rf5 {[%emt 0:0:5]} 47. Rf3 {[%emt 0:0:1]
} Kf6 {[%emt 0:0:2]} 48. Rxf5+ {[%emt 0:0:5]} Kxf5 {[%emt 0:0:0]} 49. Re8 {[%emt 0:0:1]} f6 {[%emt 0:0:1]} 50. Kf3 {[%emt 0:0:2]} g5 {[%emt 0:0:1]} 51. hxg5 {[%emt 0:0:3]} fxg5 {[%emt 0:0:4]} 52. Rf8+ {[%emt 0:0:1]
} Kg6 {[%emt 0:0:2]} 53. Rg8+ {[%emt 0:0:4]} Kf6 {[%emt 0:0:0]} 54. Rf8+ {[%emt 0:0:1]} Kg7 {[%emt 0:0:2]} 55. Rf5 {[%emt 0:0:3]} Kg6 {[%emt 0:0:1]} 56. Rf8 {[%emt 0:0:2]} d4 {[%emt 0:0:2]} 57. Rd8 {[%emt 0:0:1]
} g4+ {[%emt 0:0:3]} 58. Kg2 {[%emt 0:0:5]} Kf5 {[%emt 0:0:0]} 59. Rd5+ {[%emt 0:0:2]} Kg6 {[%emt 0:0:5]} 60. Kf1 {[%emt 0:0:6]} d3 {[%emt 0:0:4]} 61. Ke1 {[%emt 0:0:1]} Re2+ {[%emt 0:0:1]} 62. Kf1 {[%emt 0:0:1]
} Rd2 {[%emt 0:0:1]} 63. Ke1 {[%emt 0:0:1]} Re2+ {[%emt 0:0:0]} 64. Kf1 {[%emt 0:0:1]} Rd2 {[%emt 0:0:1]} 1/2-1/2

[Event "FIDE-Online-Steinitz-Memorial-Women"]
[White "Abdumalik, Zhansaya"]
[Black "Stefanova, Antoaneta"]
[Site "Internet"]
[Round "1.1"]
[Annotator "ChessBase"]
[Result "1/2-1/2"]
[Date "2020.05.15"]
[WhiteElo "2409"]
[BlackElo "2485"]
[PlyCount "128"]
[TimeControl "180+2"]

1. e4 e5 2. Nf3 {[%emt 0:0:6]} Nc6 {[%emt 0:0:4]} 3. Bb5 {[%emt 0:0:2]} a6 {[%emt 0:0:1]} 4. Ba4 {[%emt 0:0:2]} g6 {[%emt 0:0:1]} 5. d4 {[%emt 0:0:0]} b5 {[%emt 0:0:3]} 6. Bb3 {[%emt 0:0:2]} exd4 {[%emt 0:0:1]} 7. Nxd4 {[%emt 0:0:7]} Bb7 {[%emt 0:0:2]} 8. a4 {[%emt 0:0:6]} Bg7 {[%emt 0:0:0]} 9. Nxc6 {[%emt 0:0:10]} dxc6 {[%emt 0:0:2]} 10. Qe2 {[%emt 0:0:9]} Qe7 {[%emt 0:0:4]} 11. 0-0 {[%emt 0:0:7]} Nf6 {[%emt 0:0:4]} 12. Re1 {[%emt 0:0:7]
} Nd7 {[%emt 0:0:9]} 13. c3 {[%emt 0:0:7]} 0-0 {[%emt 0:0:0]} 14. Bf4 {[%emt 0:0:8]} Nc5 {[%emt 0:0:2]} 15. Bc2 {[%emt 0:0:2]} Rfe8 {[%emt 0:0:15]} 16. Nd2 {[%emt 0:0:4]} Ne6 {[%emt 0:0:9]} 17. Be3 {[%emt 0:0:12]
} b4 {[%emt 0:0:1]} 18. cxb4 {[%emt 0:0:12]} Qxb4 {[%emt 0:0:0]} 19. Rab1 {[%emt 0:0:8]} a5 {[%emt 0:0:6]} 20. Qc4 {[%emt 0:0:6]} Nd4 {[%emt 0:0:7]} 21. Qxb4 {[%emt 0:0:18]} axb4 {[%emt 0:0:3]} 22. Bd1 {[%emt 0:0:1]
} c5 {[%emt 0:0:7]} 23. Rc1 {[%emt 0:0:5]} b3 {[%emt 0:0:12]
} 24. Rxc5 {[%emt 0:0:12]} Rxa4 {[%emt 0:0:6]} 25. Rxc7 {[%emt 0:0:5]} Rb4 {[%emt 0:0:27]} 26. Bxd4 {[%emt 0:0:10]} Bxd4 {[%emt 0:0:4]} 27. Bxb3 {[%emt 0:0:1]
} Rf8 {[%emt 0:0:6]} 28. Rc4 {[%emt 0:0:5]} Rxc4 {[%emt 0:0:0]} 29. Nxc4 {[%emt 0:0:1]} Ba6 {[%emt 0:0:4]} 30. Nd6 {[%emt 0:0:5]} Bxb2 {[%emt 0:0:7]} 31. f4 {[%emt 0:0:9]} Bd4+ {[%emt 0:0:6]} 32. Kh1 {[%emt 0:0:2]
} Kg7 {[%emt 0:0:4]} 33. e5 {[%emt 0:0:6]} Bc5 {[%emt 0:0:0]} 34. Ra1 {[%emt 0:0:8]} Bd3 {[%emt 0:0:9]} 35. Rd1 {[%emt 0:0:5]} Be2 {[%emt 0:0:2]} 36. Re1 {[%emt 0:0:3]} Bd3 {[%emt 0:0:2]} 37. h3 {[%emt 0:0:0]} Rb8 {[%emt 0:0:5]} 38. Bd5 {[%emt 0:0:4]} Rf8 {[%emt 0:0:17]} 39. Rd1 {[%emt 0:0:2]} Be2 {[%emt 0:0:3]} 40. Rb1 {[%emt 0:0:1]} h5 {[%emt 0:0:0]} 41. Rb7 {[%emt 0:0:3]} Bxd6 {[%emt 0:0:6]} 42. exd6 {[%emt 0:0:1]
} Kf6 {[%emt 0:0:0]} 43. Kg1 {[%emt 0:0:5]} Bd3 {[%emt 0:0:2]} 44. Kf2 {[%emt 0:0:3]
} Bf5 {[%emt 0:0:1]} 45. Ke3 {[%emt 0:0:3]} Be6 {[%emt 0:0:0]} 46. Be4 {[%emt 0:0:2]} Rd8 {[%emt 0:0:3]} 47. Rb6 {[%emt 0:0:1]} Rc8 {[%emt 0:0:2]} 48. Kd4 {[%emt 0:0:3]} Rc1 {[%emt 0:0:2]} 49. Bd3 {[%emt 0:0:3]
} Rd1 {[%emt 0:0:2]} 50. Ke3 {[%emt 0:0:5]} Re1+ {[%emt 0:0:0]} 51. Kd2 {[%emt 0:0:1]} Rg1 {[%emt 0:0:1]} 52. Be4 {[%emt 0:0:0]} Rf1 {[%emt 0:0:2]} 53. Bf3 {[%emt 0:0:1]} Ra1 {[%emt 0:0:3]} 54. Rb7 {[%emt 0:0:5]
} Ra6 {[%emt 0:0:3]} 55. d7 {[%emt 0:0:1]} Rd6+ {[%emt 0:0:0]} 56. Ke3 {[%emt 0:0:1]} Rxd7 {[%emt 0:0:1]} 57. Rxd7 {[%emt 0:0:1]} Bxd7 {[%emt 0:0:1]} 58. g4 {[%emt 0:0:1]} hxg4 {[%emt 0:0:3]} 59. hxg4 {[%emt 0:0:1]
} Kg7 {[%emt 0:0:2]} 60. g5 {[%emt 0:0:2]} Be6 {[%emt 0:0:0]} 61. Ke4 {[%emt 0:0:2]} Kf8 {[%emt 0:0:0]} 62. Ke5 {[%emt 0:0:1]} Ke7 {[%emt 0:0:1]} 63. Be4 {[%emt 0:0:0]} Bh3 {[%emt 0:0:2]} 64. Bd5 {[%emt 0:0:1]
} Bf5 {[%emt 0:0:3]} 1/2-1/2

[Event "FIDE-Online-Steinitz-Memorial-Women"]
[White "Paehtz, Elisabeth"]
[Black "Tan, Zhongyi"]
[Site "Internet"]
[Round "1.1"]
[Annotator "TA"]
[Result "0-1"]
[Date "2020.05.15"]
[WhiteElo "2396"]
[BlackElo "2510"]
[PlyCount "148"]

1. d4 {} Nf6 2. Nf3 e6 3. Bf4 d5 4. e3 c5 5. Nbd2 Nc6 6. c3 Bd6 7. Bg3 0-0 8. Bd3 b6 9. Qe2 {D02: 1 d4 d5 2 Nf3 sidelines, including 2...Nf6 3 g3 and
2...Nf6 3 Bf4.} Bb7 10. Rd1 Qc7 11. e4 {[#] e5 is the strong threat.The
position is equal.} dxe4 (11... Bf4 $11 {remains equal.} )12. Nxe4 $16 Nxe4 13. Qxe4 {} g6 14. dxc5 bxc5 {[#]} 15. Bxd6 $146 ({
Predecessor:} 15. Qh4 Ne5 16. Ng5 h5 17. Be4 Ba6 18. Bxa8 Rxa8 19. Ne4 Rb8 20. Rxd6 Rxb2 21. Qd8+ Qxd8 22. Rxd8+ Kh7 23. Bxe5 {1-0 (23) Jumabayev,R (2654)
-Gomez Garrido,C (2479) chess.com INT 2020} )Qxd6 16. Ba6 Qc7 17. Bxb7 Qxb7 18. Ne5 Rac8 19. Rd7 (19. 0-0 $14 )Qa8 {[#] White must now prevent .
..Nxe5.} 20. Nxc6 (20. Nc4 {feels hotter.} Rcd8 21. Rd1 Qb7 22. 0-0 Qa6 23. b3 )Rxc6 21. 0-0 Rb6 22. Qxa8 Rxa8 $11 { Endgame KRR-KRR} 23. b3 c4 24. bxc4 Rc8 25. Rxa7 Rxc4 26. g3 Rxc3 27. Rd1 (27. f4 $11 )Rb2 $17 {
Black converts the advantage convincingly.} 28. Rdd7 $2 (28. Kg2 $17 Rcc2 29. Rf1 )Rf3 $19 29. a4 (29. Rdb7 $142 Re2 30. Rb4 )Rfxf2 30. a5 (30. h4 $142 Rg2+ 31. Kf1 )Rg2+ 31. Kf1 Rxh2 {} 32. Kg1 Rbg2+ 33. Kf1 Ra2 {} 34. Kg1 Rhg2+ 35. Kf1 Rgf2+ 36. Kg1 Rf5 37. a6 Rc5 $2 (37... h5 $19 {Threatens to win with ...Rf3.} 38. Rd3 Kg7 )38. Rd1 $2 {} (38. Rxf7 $15 Rxa6 39. Rg7+ Kf8 40. Raf7+ Ke8 41. Rb7 )Kg7 39. Rf1 Rf5 40. Rd1 $2 (40. Rxf5 exf5 41. Rb7 )h5 41. Ra8 (41. Rd3 $142 Kh6 42. Rdd7 )Rfa5 42. Rd6 Rb5 {( -> ...Rb1+)} 43. Rd1 Rb6 44. a7 Rb7 45. Rc1 Rbxa7 46. Rac8 Ra1 47. Rxa1 Rxa1+ {KR-KR} 48. Kg2 Ra2+ 49. Kf3 Ra7 50. Rd8 Kf6 51. Rf8 Ra3+ 52. Kf4 Ra4+ 53. Kf3 e5 54. Rc8 Kf5 55. Rc6 Ra3+ 56. Kg2 f6 57. Rc4 g5 58. Rb4 Rd3 59. Rc4 Rd4 60. Rc6 g4 61. Rc8 Rd2+ 62. Kg1 Ke4 63. Rh8 Kf3 {Black mates.} 64. Rxh5 Kxg3 {} 65. Kf1 Rf2+ 66. Kg1 f5 67. Rh8 e4 68. Rc8 Rg2+ 69. Kf1 Rd2 70. Rc3+ Rd3 71. Rc2 Kf4 72. Kg2 g3 73. Rc8 Rd2+ 74. Kg1 Kf3 {Accuracy: White = 46%, Black = 82%.} 0-1

[Event "FIDE-Online-Steinitz-Memorial-Women"]
[White "Cori T., Deysi"]
[Black "Lagno, Kateryna"]
[Site "Internet"]
[Round "1.1"]
[Annotator "TA"]
[Result "0-1"]
[Date "2020.05.15"]
[WhiteElo "2391"]
[BlackElo "2608"]
[PlyCount "54"]

1. d4 {} Nf6 2. c4 g6 3. Nc3 d5 4. cxd5 Nxd5 5. e4 Nxc3 6. bxc3 Bg7 7. Bg5 {D85: Exchange Grünfeld: Unusual White 7th moves
and lines with 7 Nf3.} c5 8. Rc1 h6 9. Be3 {White has an edge.} 0-0 10. Nf3 Qa5 11. Qd2 cxd4 12. cxd4 Qxd2+ 13. Kxd2 Rd8 14. Bd3 Nc6 { [#]} 15. d5 $146 ({White should play} 15. Rc4 $11 )({Predecessor:} 15. Rc4 Bg4 16. d5 Bxf3 17. gxf3 Ne5 18. Rc7 e6 19. Bc2 exd5 20. exd5 Rxd5+ 21. Ke2 {1/2-1/2 (40)
Alonso Rosell,A (2485)-Massoni,M (2299) Porto Carras 2010} )Nb4 $15 16. Rc7 (16. Bd4 $15 )e6 $1 $17 17. Bc4 (17. Bc5 $17 Nxd3 18. Kxd3 )exd5 $19 18. exd5 Nxd5 19. Bxd5 Rxd5+ 20. Ke2 Rb5 21. Rhc1 {[#]} Bf5 (21... Be6 $1 $19 22. a3 Ra5 )22. Nd4 $17 {[#]} Be4 $2 {} (22... Rb2+ $1 $17 {
stays on course.} 23. Kf3 Bxd4 24. Bxd4 Rxa2 )23. f3 $4 {} (23. Rc8+ $18 {and life is good for White.} Rxc8 24. Rxc8+ Kh7 25. Nxb5 )Rb2+ $19 {
 Double Attack} 24. Kf1 Bd5 (24... Bd3+ $19 25. Ke1 g5 )25. Rd7 $2 {
} (25. R1c2 $17 Rxa2 26. Rc8+ Rxc8 27. Rxc8+ Kh7 28. Rc5 Bxd4 29. Bxd4 )Bxa2 26. Rxb7 (26. Rcc7 $142 )Rxb7 27. Nc6 Kh7 {Accuracy:
White = 32%, Black = 58%.} 0-1

[Event "FIDE-Online-Steinitz-Memorial-Women"]
[White "Lagno, Kateryna"]
[Black "Paehtz, Elisabeth"]
[Site "Internet"]
[Round "2"]
[Annotator "TA"]
[Result "0-1"]
[Date "2020.05.15"]
[WhiteElo "2608"]
[BlackElo "2396"]
[PlyCount "76"]

1. e4 {} c5 2. Nf3 d6 3. d4 cxd4 4. Nxd4 Nf6 5. Nc3 a6 6. Be3 e5 7. Nf3 Be6 8. Ng5 Qc7 {B90: Sicilian
Najdorf: Unusual White 6th moves, 6 Be3 Ng4 and 6 Be3 e5.} 9. Nxe6 fxe6 10. a4 Be7 {White has an edge.} 11. Be2 0-0 12. 0-0 Nc6 {
 [#]} 13. f4 $146 ({Predecessor:} 13. Bc4 Qd7 14. Qf3 Rae8 15. Qh3 Bd8 16. Rfd1 Qe7 17. f3 Nd4 18. Rd2 Bb6 19. Kh1 {1-0 (47) Krejci,J (2503)-Givon,A 
(2340) Olomouc 2012} )exf4 14. Rxf4 Ne5 15. Rf1 Rac8 16. a5 Nc4 17. Bxc4 $1 Qxc4 18. Qd3 Nd7 19. Rxf8+ Bxf8 20. Ra4 Qc6 21. Qe2 Ne5 22. Bf2 Be7 {
Black continues to play with concentration.} 23. Rd4 ({Better is} 23. h3 $15 )Bf6 $17 24. Rd1 {[#]} Nc4 $1 {} 25. Qg4 $2 (25. e5 Bxe5 26. Ne4 )Re8 26. Ne2 Nxb2 27. Nd4 $2 (27. Rf1 {is tougher.} )Qc4 {
Strongly threatening ...Qa4.} 28. Rd2 Qc3 29. Nf3 (29. Nb3 {keeps fighting.} )Nc4 $19 { [#] Double Attack} ({And not} 29... Qxa5 30. Rxd6 Nc4 31. Rxe6 $15 )30. Re2 Ne5 ({Don't play} 30... Nxa5 31. e5 $19 )31. Nxe5 Qxe5 ({
Less strong is} 31... dxe5 32. Be1 $17 )(31... Bxe5 $19 32. Be1 Bd4+ 33. Kh1 Qa1 )32. h4 (32. Qg3 $17 {might work better.} )Qxa5 33. Bg3 Qc3 34. Bxd6 $2 (34. Qh5 g6 35. Qf3 )Qd4+ {Black is clearly winning.} 35. Rf2 Qxd6 36. Rxf6 Qd4+ { Double Attack} 37. Rf2 Rf8 38. Qxe6+ Kh8 {Accuracy: White
= 34%, Black = 56%.} 0-1

[Event "FIDE-Online-Steinitz-Memorial-Women"]
[White "Kosteniuk, Alexandra"]
[Black "Abdumalik, Zhansaya"]
[Site "Internet"]
[Round "2"]
[Annotator "TA"]
[Result "1-0"]
[Date "2020.05.15"]
[WhiteElo "2521"]
[BlackElo "2409"]
[PlyCount "45"]

1. e4 {} e5 2. Nf3 Nc6 3. Bb5 a6 4. Ba4 Nf6 5. d4 exd4 6. 0-0 d6 7. Nxd4 Bd7 8. Bxc6 bxc6 9. Re1 {9.Qf3 gains
popularity.} Be7 $1 {[#]} 10. f4 $1 $146 { An important novelty. C87:
Closed Ruy Lopez: Steinitz-type lines after 6 Re1 d6.} ({Predecessor:} 10. Qf3 0-0 11. Nc3 Re8 12. h3 Rb8 13. b3 c5 14. Nf5 Bxf5 15. Qxf5 Nd7 16. Nd5 Bf6 17. Rb1 Re6 18. Bd2 g6 19. Qf3 Bg7 20. Ba5 {1/2-1/2 (94) Hovhannisyan,R (2641)
-Andriasian,Z (2611) Yerevan 2020} )c5 11. e5 cxd4 (11... dxe5 $15 12. fxe5 Bg4 )12. exf6 $16 {White is better.} gxf6 13. Qxd4 Rg8 14. Nc3 {[#]
Strongly threatening Nd5.} c5 15. Qe4 $40 { White attacks with force.
} (15. Qd3 $142 f5 16. Nd5 )Ra7 $2 { Loses the game.} (15... f5 $16 16. Qd3 Kf8 )16. Qxh7 { White is clearly winning.} Rf8 17. f5 Qc8 {[#]} (17... Bc6 $142 18. Bh6 Kd7 19. Bxf8 Qxf8 )18. Rxe7+ $1 $18 {
} Kxe7 19. Nd5+ Ke8 20. Bh6 Bxf5 21. Qg7 { Double Attack} Qe6 22. Qxf8+ Kd7 23. Qb8 {Accuracy: White = 69%, Black = 36%.} 1-0

[Event "FIDE-Online-Steinitz-Memorial-Women"]
[White "Tan, Zhongyi"]
[Black "Khademalsharieh, Sarasadat"]
[Site "Internet"]
[Round "2"]
[Annotator "TA"]
[Result "1-0"]
[Date "2020.05.15"]
[WhiteElo "2510"]
[BlackElo "2431"]
[PlyCount "99"]

1. d4 {} Nf6 2. c4 e6 3. Nc3 Bb4 4. Qc2 0-0 5. a3 Bxc3+ 6. Qxc3 b6 7. Bg5 Bb7 8. f3 h6 9. Bh4 d5 10. e3 Nbd7 11. cxd5 Nxd5 12. Bxd8 Nxc3 13. Bh4 Nd5 14. Bf2 c5 15. Bb5 Rfd8 {E32: Nimzo-Indian: Classical (4 Qc2): 4...0-0.} 16. Ne2 cxd4 17. Nxd4 a6 {The position is equal.} 18. Be2 Nc5 19. 0-0 e5 20. Nf5 {[#]} e4 $146 (20... Bc8 $11 21. Ng3 Be6 )({Predecessor:} 20... Bc8 21. Ng3 Be6 22. Rad1 Nb3 23. e4 Nf4 24. Bxb6 Nxe2+ 25. Nxe2 Rd2 26. Rxd2 Nxd2 27. Rf2 Rb8 {1/2-1/2 (27)
Kamanel Zamora,J (2273)-Ottesen,S (2370) ICCF email 2016} )21. Rac1 Nb3 (21... Bc8 $14 22. Nd4 Bb7 )22. Rc2 Rac8 (22... Rd7 $142 )23. Rxc8 $16 Bxc8 24. fxe4 {
[#] Rd1 is the strong threat.} Bxf5 25. exf5 {Strongly threatening Rd1.} b5 $2 (25... Nf6 $16 {was worth a try.} 26. Rd1 (26. Bxa6 Nc5 $16 )Rxd1+ 27. Bxd1 Nc5 )26. Rd1 $18 Rd7 27. Bf3 Nf6 28. Rxd7 Nxd7 { Endgame
KBB-KNN} 29. Bd5 Nc1 30. e4 Nd3 31. Bd4 Kf8 32. Kf1 f6 33. g3 Ke7 34. Ke2 N3c5 $2 (34... N3e5 {was necessary.} 35. b4 Kd8 )35. b4 Na4 36. Kd3 Kd6 37. Bb7 Nb8 38. Ba7 Kc7 $2 (38... Nd7 39. Be3 (39. Bxa6 Ne5+ 40. Ke2 Kc6 $18 )Kc7 )39. Bxb8+ Kxb7 {KB-KN} 40. Bd6 Nb2+ 41. Kc3 Nd1+ 42. Kd4 Nf2 43. Bf8 Ng4 44. Bxg7 Nxh2 45. Bxf6 h5 46. e5 Kc6 47. e6 Kd6 48. Be5+ {White mates.} Ke7 49. Kd5 Ng4 {[#]} 50. f6+ $1 {Black got outplayed after the opening. Accuracy: White =
85%, Black = 38%.} 1-0

[Event "FIDE-Online-Steinitz-Memorial-Women"]
[White "Stefanova, Antoaneta"]
[Black "Cori T., Deysi"]
[Site "Internet"]
[Round "2"]
[Annotator "ChessBase"]
[Result "1-0"]
[Date "2020.05.15"]
[WhiteElo "2485"]
[BlackElo "2391"]
[PlyCount "137"]
[TimeControl "180+2"]

1. d4 Nf6 2. Nf3 {[%emt 0:0:6]} e6 {[%emt 0:0:4]} 3. e3 {[%emt 0:0:2]} b6 {[%emt 0:0:3]} 4. Bd3 {[%emt 0:0:2]} Bb7 {[%emt 0:0:1]} 5. 0-0 {[%emt 0:0:0]} d5 {[%emt 0:0:3]} 6. c4 {[%emt 0:0:1]} Nbd7 {[%emt 0:0:2]} 7. cxd5 {[%emt 0:0:7]} exd5 {[%emt 0:0:2]} 8. Ne5 {[%emt 0:0:1]} Bd6 {[%emt 0:0:4]
} 9. f4 {[%emt 0:0:1]} c5 {[%emt 0:0:1]} 10. Nc3 {[%emt 0:0:0]} 0-0 {[%emt 0:0:2]} 11. Qf3 {[%emt 0:0:2]} Qe7 {[%emt 0:0:20]} 12. Bd2 {[%emt 0:0:5]} Rac8 {[%emt 0:0:19]} 13. Be1 {[%emt 0:0:11]} cxd4 {[%emt 0:0:0]} 14. exd4 {[%emt 0:0:2]} Ne4 {[%emt 0:0:24]} 15. Nxe4 {[%emt 0:0:19]
} dxe4 {[%emt 0:0:2]} 16. Bxe4 {[%emt 0:0:5]} Bxe4 {[%emt 0:0:2]} 17. Qxe4 {[%emt 0:0:1]} Nf6 {[%emt 0:0:2]} 18. Qf3 {[%emt 0:0:19]} Qe6 {[%emt 0:0:15]
} 19. Bh4 {[%emt 0:0:9]} Bxe5 {[%emt 0:0:9]} 20. dxe5 {[%emt 0:0:6]
} Nd5 {[%emt 0:0:2]} 21. Rae1 {[%emt 0:0:6]} Rc4 {[%emt 0:0:0]} 22. f5 {[%emt 0:0:8]} Qc6 {[%emt 0:0:4]} 23. Bg3 {[%emt 0:0:2]} Nb4 {[%emt 0:0:12]} 24. Qxc6 {[%emt 0:0:8]} Rxc6 {[%emt 0:0:1]} 25. a3 {[%emt 0:0:2]
} Nd3 {[%emt 0:0:2]} 26. Re2 {[%emt 0:0:1]} Re8 {[%emt 0:0:0]} 27. Rd1 {[%emt 0:0:9]} Nc5 {[%emt 0:0:3]} 28. h3 {[%emt 0:0:14]} h5 {[%emt 0:0:4]
} 29. b4 {[%emt 0:0:4]} Na4 {[%emt 0:0:2]} 30. Rd7 {[%emt 0:0:0]} a5 {[%emt 0:0:3]} 31. bxa5 {[%emt 0:0:3]} bxa5 {[%emt 0:0:2]} 32. Ra7 {[%emt 0:0:2]} Rc1+ {[%emt 0:0:9]} 33. Kh2 {[%emt 0:0:2]} Nc3 {[%emt 0:0:2]
} 34. Re3 {[%emt 0:0:6]} Nb5 {[%emt 0:0:28]} 35. Rxa5 {[%emt 0:0:5]
} Nd4 {[%emt 0:0:1]} 36. e6 {[%emt 0:0:14]} fxe6 {[%emt 0:0:0]} 37. fxe6 {[%emt 0:0:1]} Nxe6 {[%emt 0:0:3]} 38. Rxh5 {[%emt 0:0:5]} Kf7 {[%emt 0:0:5]} 39. Rf5+ {[%emt 0:0:2]} Kg6 {[%emt 0:0:1]} 40. Rfe5 {[%emt 0:0:2]
} Kf6 {[%emt 0:0:4]} 41. Bh4+ {[%emt 0:0:5]} Kf7 {[%emt 0:0:0]} 42. a4 {[%emt 0:0:2]} Rc4 {[%emt 0:0:3]} 43. R5e4 {[%emt 0:0:5]} Rxe4 {[%emt 0:0:1]} 44. Rxe4 {[%emt 0:0:1]} Ra8 {[%emt 0:0:1]} 45. Be1 {[%emt 0:0:3]
} Nc5 {[%emt 0:0:3]} 46. Rf4+ {[%emt 0:0:1]} Ke6 {[%emt 0:0:0]} 47. a5 {[%emt 0:0:2]} Nd3 {[%emt 0:0:1]} 48. Rf1 {[%emt 0:0:7]} g6 {[%emt 0:0:6]
} 49. Bd2 {[%emt 0:0:3]} Ne5 {[%emt 0:0:2]} 50. Ra1 {[%emt 0:0:0]} Ra6 {[%emt 0:0:1]} 51. Bc3 {[%emt 0:0:2]} Nc4 {[%emt 0:0:1]} 52. g4 {[%emt 0:0:2]} Kd5 {[%emt 0:0:2]} 53. Kg3 {[%emt 0:0:3]} Ke4 {[%emt 0:0:0]} 54. h4 {[%emt 0:0:2]} Ne3 {[%emt 0:0:1]} 55. Rb1 {[%emt 0:0:14]} Kd3 {[%emt 0:0:2]} 56. Be1 {[%emt 0:0:3]} Rf6 {[%emt 0:0:1]} 57. Bf2 {[%emt 0:0:6]
} Nxg4 {[%emt 0:0:4]} 58. Kxg4 {[%emt 0:0:2]} Rxf2 {[%emt 0:0:0]} 59. Ra1 {[%emt 0:0:2]} Rg2+ {[%emt 0:0:4]} 60. Kf4 {[%emt 0:0:2]} Rh2 {[%emt 0:0:2]} 61. Kg5 {[%emt 0:0:3]} Rg2+ {[%emt 0:0:1]} 62. Kf4 {[%emt 0:0:3]
} Rh2 {[%emt 0:0:2]} 63. Kg3 {[%emt 0:0:2]} Rc2 {[%emt 0:0:0]} 64. a6 {[%emt 0:0:2]} Rc8 {[%emt 0:0:1]} 65. a7 {[%emt 0:0:1]} Ra8 {[%emt 0:0:1]
} 66. Kg4 {[%emt 0:0:1]} Kc3 {[%emt 0:0:3]} 67. Kg5 {[%emt 0:0:0]} Kb2 {[%emt 0:0:0]} 68. Ra6 {[%emt 0:0:2]} Kb3 {[%emt 0:0:2]} 69. Kxg6 {[%emt 0:0:1]} 1-0